Where Are They - Landmarks #9 - Statistics

General Stats
  • This quiz has been taken 59 times
  • The average score is 5 of 10
Answer Stats
Hint Answer % Correct
Dome of the Rock, Western Wall, Church of the Holy Sepulchre Jerusalem
95%
St. Peter's Basilica, Sistine Chapel, Apostolic Palace Vatican City
93%
Vasa Museum, Royal Palace, ABBA The Museum Stockholm
86%
Valley of the Kings, Karnak Temple Complex, Ramesseum Luxor
70%
Ibirapuera Park, Museu do Futebol, Altino Arantes Building Sao Paulo
48%
Victoria Peak, The Big Buddha, Ocean Park Hong Kong
41%
Potala Palace, Jokhang Temple, Sera Monastery Lhasa
30%
Al Masjid an Nabawi, The Seven Mosques, The Green Dome Medina
23%
Castillo San Felipe del Morro, Castillo San Cristóbal, La Fortaleza San Juan
14%
Kasubi Royal Tombs, Kabaka's Palace, Sir Edward Muteesa II Monument Kampala
5%
No matching quizzes found
Score Distribution
Percent of People with Each Score
Percentile by Number Answered
Your Score History
You have not taken this quiz